00886nam a2200193 i 450000100060000000300090000600500170001500700030003200800410003510000200007624500690009626000590016530000220022449000450024650502710029165000630056283000450062585200220067045467ES-MaACL20230906161225.0t|030326s1922 mx |||| | spa d1 aColin, Eduardo.10aVerbo selecto b: crítica hispano-americana / cEduardo Colin. aMéxico : bMéxico Moderno., c1922 (fImp. Murgia) a110 p. ; c19 cm.1 aBiblioteca de autores mexicanos modernos8 aContiene: Rubén Darío. Amado Nervo. Guillermo Valencia. Salvador Díez Mirón. Enrique González Martínez. Luis G. Urbina. Francisco Contreras. Rafael López. José de J. Núñez Domínguez. Artemio de Valle Arizpe. Juana de Ibarboron. Alfonso Gravioto04aLiteratura hispanoamericana-yS.XX-xHistoria y crítica.0 aBiblioteca de autores mexicanos modernos aES-MaACLjF-11410